000 00890aam a2200289 i 4500
001 768714001
003 CO-MdFUSB
005 20250901094701.0
007 ta
008 250901t1914 ag |||| |||| 00| 0 spa d
040 _cCO-MdFUSB
041 0 _aspa
_heng
082 0 4 _223
_a249
_bM9811c
100 1 _aMurray, Andrew (1828-1917)
_eautor
240 _aWith Christ in the school of prayer
245 1 0 _aCon Cristo en la escuela de la oración :
_bmeditaciones sobre nuestra educación para el ministerio de la intercesión
_c/ Andrew Murray
264 1 _bJuan H. Kidd,
_aBuenos Aires, Argentina :
_c[1914]
264 4 _c©1914
300 _a191 páginas
336 _atexto
_btxt
_2rdacontent
337 _2rdamedia
_asin mediación
_bn
338 _2rdacarrier
_avolumen
_bnc
563 _aPasta dura
653 _aVida de oración
942 _cBK
945 _aJTF-925
999 _c38435
_d38435